000 00762cam a2200229 a 4500
001 16096542
005 20180410105056.0
008 100218s2010 mau b 001 0 eng
020 _a0861715829 (pbk. : alk. paper)
020 _a9780861715824 (pbk. : alk. paper)
040 _cPK-LaUMT
082 0 0 _a294.3423
_222
_bSPE-B
100 1 _aSpellmeyer, Kurt
245 1 0 _aBuddha at the apocalypse :
_bawakening from a culture of destruction /
_cKurt Spellmeyer ; foreword by Robert A.F. Thurman
260 _aBoston :
_bWisdom Publications,
_c2010
300 _axiii, 175 p. ;
_c23 cm.
650 0 _aTime
_xReligious aspects
_xBuddhism.
650 0 _aBuddhism
_xDoctrines.
650 0 _aTime
_xPhilosophy.
650 0 _aPhilosophy, Comparative.
942 _cBK
999 _c104260
_d104260